000 00451nam a2200169Ia 4500
005 20250411140501.0
008 231217s9999 xx 000 0 und d
020 _a9788178091464
082 _a658.4 BEL;1 R
100 _aBell, Chip R.
245 0 _aManagers as mentors : building partnerships for learning
250 _a2nd ed.
260 _c2002
_bMagna Pub.
_aMumbai
300 _axxv, 174
650 _aStatistics,management
942 _cAA
999 _c199755
_d199755